00556nam a2200145Ia 4500003000900000008004100009020002600050040001600076100002800092245010200120260003200222300002000254490003300274856010300307IN-BaIIA211028s9999 xx s 000 0 eng d a9780819445964 (Print) cIIA Library aRighini, Giancarlo, ed. 0a19th Congress of the International Commission for Optics: Optics for the Quality of Lifeh[eBook] aWashington, USAbSPIEc2003 aOnline resource aProceedings of SPIE; V. 4829 uhttps://www.spiedigitallibrary.org/conference-proceedings-of-spie/4829yClick Here to Access eBook